Computer oriented statistical and numerical methods (Record no. 15477)
[ view plain ]
| 000 -LEADER | |
|---|---|
| fixed length control field | 00354nam a22001337a 4500 |
| 020 ## - INTERNATIONAL STANDARD BOOK NUMBER | |
| ISBN | 0333909607 |
| 082 ## - DEWEY DECIMAL CLASSIFICATION NUMBER | |
| Classification number | 003.3 |
| Item number | BAL/CO |
| 100 ## - MAIN ENTRY--AUTHOR NAME | |
| Personal name | Balagurusamy, E |
| 245 ## - TITLE STATEMENT | |
| Title | Computer oriented statistical and numerical methods |
| 260 ## - PUBLICATION, DISTRIBUTION, ETC. (IMPRINT) | |
| Place of publication | New Delhi |
| Name of publisher | Macmillan |
| Year of publication | 1988 |
| 300 ## - PHYSICAL DESCRIPTION | |
| Number of Pages | 250 |
| 490 ## - SERIES STATEMENT | |
| Series statement | Macmillan series in computer science |
| 942 ## - ADDED ENTRY ELEMENTS (KOHA) | |
| Koha item type | Book Bank scheme for SC students |
| Withdrawn status | Lost status | Damaged status | Home library | Current library | Shelving location | Date acquired | Full call number | Accession Number | Koha item type |
|---|---|---|---|---|---|---|---|---|---|
| KAUAET | KAUAET | Scheme | 23/07/2018 | 003.3 BAL/CO | 20792 | Book Bank scheme for SC students |
